000 00345nam a2200133 i 4500
001 bg
100 1 _aREPRZIKOV, A. V.
245 0 _aKolevanija v optimalnych sistemach avtomaticeskogo regulirovanija /
_cA.V. Reprzikov.
260 _aMoskva,
_c1968.
040 _cBPK
041 _apol
942 _cKS
008 s pl f |000 0 pol
999 _c7819
_d7819
856 _uhttp://koha.tu.koszalin.pl/cgi-bin/koha/opac-detail.pl?biblionumber=7819
_yKatalog online BPK